000 00931nas a2200289 4500
001 BR9207064
003 BR-BrBNA
005 20231205100452.0
007 ta
008 230509b bl.|||p| |||| 00| 00por d
040 _aBR-BrBNA
_bpor
_cBiblioteca Nacional de Agricultura
041 _a(Pt)
072 _aH10
100 1 _aSilva, A.L. da
100 1 _aVeloso, V. da R.S.
100 1 _aCastro e Silva, R.M. de
100 1 _aRocha, M.R. da
245 1 _aEnsaio de controle ao microacaro do tomateiro Aculops lycopersiti (Massee, 1937)(Acari: Eriophyidae)com um novo acaricida
650 _aTomate
650 _aAcaro
650 _aAcaricida
650 _aPraga de Planta
650 _aControle Quimico
773 0 _tAnais da Escola Superior de Agricultura Luiz de Queiroz (Brazil)
_xISSN 0071-1276
_g(Jan-Dec 1988), v. 18(1) p. 29-34
_wBR9207064
909 _a202311
_bLúcia
_c55
_dLúcia Elande
942 _2AGRIS
_n0
_cANA
999 _c156200
_d156200